Du lịch Cambodia =a world of treasures /
محفوظ في:
| مؤلف مشترك: | |
|---|---|
| التنسيق: | قرص مضغوط |
| اللغة: | Vietnamese |
| منشور في: |
TP.HCM :
SaiGon Audio,
2006
|
| الوسوم: |
إضافة وسم
لا توجد وسوم, كن أول من يضع وسما على هذه التسجيلة!
|
| Thư viện lưu trữ: | Thư viện Trường Đại học Đà Lạt |
|---|
| LEADER | 00619nam a2200265 4500 | ||
|---|---|---|---|
| 001 | DLU060056931 | ||
| 005 | ##20061127 | ||
| 040 | # | # | |a DLU |b vie |
| 041 | # | # | |a vie |
| 044 | # | # | |a vn |
| 082 | # | # | |a 915.96 |b SAI |
| 110 | # | # | |a SaiGon Audio |
| 245 | # | # | |a Du lịch Cambodia =a world of treasures / |c SaiGon Audio |
| 256 | # | # | |a 4 3/4 in. |
| 260 | # | # | |a TP.HCM : |b SaiGon Audio, |c 2006 |
| 300 | # | # | |a 1 đĩa CD-ROM 4 3/4 in. |
| 992 | # | # | |a 40.000 |
| 994 | # | # | |a DLU |
| 900 | # | # | |a True |
| 911 | # | # | |a Nguyễn Xuân Phương |
| 925 | # | # | |a CD |
| 926 | # | # | |a A |
| 927 | # | # | |a CD |
| 980 | # | # | |a Thư viện Trường Đại học Đà Lạt |